Continents Quiz #2 - Statistics

General Stats
  • This quiz has been taken 23 times
  • The average score is 12 of 15
Answer Stats
Question Answer % Correct
Which continent is Egypt in? Africa
95%
Which continent is Somalia in? Africa
91%
Which continent is Tunisia in? Africa
91%
Which continent is Indonesia in? Asia
91%
Which continent is Israel in? Asia
91%
Which continent is Sri Lanka in? Asia
91%
Which continent is Trinidad and Tobago in? North America
86%
Which continent is Papua New Guinea in? Oceania
86%
Which continent is Turkey in? Asia
82%
Which continent is Panama in? North America
82%
Which continent is Seychelles in? Africa
77%
Which continent is Maldives in? Asia
77%
Which continent is Armenia in? Asia
73%
Which continent is Russia in? Europe
68%
Which continent is Cyprus in? Asia
59%
No matching quizzes found
Score Distribution
Percent of People with Each Score
Percentile by Number Answered
Your Score History
You have not taken this quiz